[Event "Villa Martelli"]
[Site "Villa Martelli"]
[Date "1997.06.01"]
[Round "1"]
[White "Spangenberg, Hugo"]
[Black "Rodriguez, Andres"]
[Result "0-1"]
[WhiteElo "2550"]
[BlackElo "2565"]
[PlyCount "44"]
[EventDate "1997.06.01"]
[Source "ChessBase"]
[SourceDate "1997.10.13"]

1. c4 f5 2. g3 Nf6 3. Bg2 g6 4. Nc3 Bg7 5. e3 O-O 6. Nge2 e5 7. O-O d6 8. d3 Nc6 9. Qd2 Be6 10. f4 Qd7 11. b3 Rad8 12. Bb2 d5 13. fxe5 Nxe5 14. Na4 Nf7 15. Nc5 Qe7 16. Nxe6 Qxe6 17. Nf4 Qe7 18. cxd5 Rfe8 19. Ne6 Bh6 20. Kh1 Rd7 21. Qa5 b6 22. Qb5 Ng4 0-1

[Event "Bern Open"]
[Site "Bern SUI"]
[Date "1993.??.??"]
[Round "8"]
[White "Conquest, Stuart"]
[Black "Epishin, Vladimir V"]
[Result "1/2-1/2"]
[WhiteElo "2495"]
[BlackElo "2620"]
[PlyCount "122"]
[EventDate "1993.02.??"]
[Source "www.chesslib.no"]
[SourceDate "2004.05.04"]

1. c4 e5 2. Nc3 Nf6 3. e3 Nc6 4. a3 g6 5. Nf3 Bg7 6. d3 O-O 7. Bd2 Re8 8. Rc1 d6 9. Be2 Bf5 10. O-O a5 11. h3 e4 12. dxe4 Nxe4 13. Nxe4 Bxe4 14. Bc3 Ne5 15. Nxe5 Bxe5 16. Bf3 Bxc3 17. Rxc3 b6 18. Bxe4 Rxe4 19. Qd5 Re5 20. Qc6 a4 21. f4 Rc5 22. Qf3 Rb8 23. e4 Qf6 24. Qd1 Re8 25. e5 dxe5 26. Qxa4 Rd8 27. fxe5 Qxe5 28. Qc2 Qd4+ 29. Kh2 Qd6+ 30. Kg1 Re5 31. Rcf3 f5 32. Rf4 Rde8 33. Qd1 Qe7 34. Rd4 Re2 35. Kh1 Rxb2 36. Rd7 Qe4 37. Qd5+ Qxd5 38. cxd5 Rc2 39. Rd1 Ree2 40. d6 cxd6 41. Rd4 Kf8 42. R4xd6 Rxg2 43. Rxb6 Rh2+ 44. Kg1 Rcg2+ 45. Kf1 Rb2 46. Rxb2 Rxb2 47. Rxh7 Rb3 48. h4 Rxa3 49. Kg2 Ra6 50. Kg3 Re6 51. Kf4 Kg8 52. Ra7 Re4+ 53. Kg5 Rg4+ 54. Kf6 Rg2 55. Rg7+ Kh8 56. h5 Ra2 57. Rxg6 f4 58. Kg5 f3 59. Rf6 f2 60. Kg6 Kg8 61. h6 f1=Q 1/2-1/2

[Event "YUG-chT 52nd"]
[Site "?"]
[Date "2000.08.29"]
[Round "6"]
[White "Todorcevic Miodrag"]
[Black "Sakaev Konstantin"]
[Result "1-0"]
[WhiteElo "2487"]
[BlackElo "2627"]
[PlyCount "135"]
[EventDate "2000.??.??"]
[Source "www.chesslib.no"]
[SourceDate "2004.05.04"]

1. g3 e5 2. c4 Nc6 3. Bg2 f5 4. Nc3 Nf6 5. e3 g6 6. d4 e4 7. a3 Bg7 8. Nge2 O-O 9. b4 Ne7 10. Bb2 d5 11. Nf4 c6 12. cxd5 Nexd5 13. Qb3 g5 14. Nfxd5 cxd5 15. h4 h6 16. hxg5 hxg5 17. O-O-O Be6 18. Kb1 Qd7 19. Bf1 Ng4 20. Bb5 Qf7 21. Rdf1 Nf6 22. Rc1 Rfc8 23. Qd1 a6 24. Be2 b5 25. Na2 Qe7 26. Rc5 Bf7 27. Qg1 Nd7 28. Rxc8+ Rxc8 29. Qh2 Nf6 30. Nc1 Qc7 31. Bd1 a5 32. bxa5 Qxa5 33. Nb3 Qc7 34. Nc5 Ra8 35. Qh3 Qc8 36. Be2 Be8 37. Rc1 g4 38. Qh4 Bc6 39. Qg5 Kf7 40. Bd1 Ra7 41. Bb3 Rc7 42. Bc3 Be8 43. Ba5 Rc6 44. Bb4 Kg8 45. Qh4 Bf7 46. Qh1 Ne8 47. Qh4 Nf6 48. Bd1 Ne8 49. Nb3 Rxc1+ 50. Nxc1 Nf6 51. Be2 Be8 52. Qg5 Kf7 53. Na2 Bd7 54. Qf4 Qh8 55. Qc7 Qh1+ 56. Nc1 Kg6 57. Be7 Qe1 58. Bxf6 Bxf6 59. Qxd7 Qxf2 60. Qxd5 Qxe3 61. Bxb5 Qxd4 62. Qxd4 Bxd4 63. Ne2 Bf2 64. a4 Be1 65. Kc2 Kf6 66. Kb3 Ke5 67. Kc4 Bd2 68. Bd7 1-0

[Event "3rd Open"]
[Site "Kolkata IND"]
[Date "2008.03.30"]
[Round "7"]
[White "Ghaem Maghami, E."]
[Black "Nguyen Anh Dung"]
[Result "1/2-1/2"]
[WhiteElo "2589"]
[BlackElo "2525"]
[PlyCount "60"]
[EventDate "2008.03.24"]
[Source "www.chesslib.no"]
[SourceDate "2004.05.04"]

1. c4 e5 2. Nc3 Nc6 3. g3 f5 4. Bg2 Nf6 5. d3 g6 6. e3 Bg7 7. Nge2 O-O 8. Rb1 a5 9. O-O d6 10. b3 Be6 11. Nd5 Nb4 12. Nxf6+ Bxf6 13. a3 Nc6 14. d4 Bf7 15. d5 Nb8 16. e4 Nd7 17. Qc2 Bg7 18. Be3 Nc5 19. f3 Kh8 20. Rbd1 Be8 21. exf5 gxf5 22. f4 e4 23. Rb1 Qe7 24. Qd2 Nd3 25. Nc1 Nxc1 26. Rbxc1 b6 27. Bd4 Rg8 28. Rfe1 h5 29. Re3 Bxd4 30. Qxd4+ Qg7 1/2-1/2

[Event "Manresa"]
[Site "Manresa"]
[Date "1995.??.??"]
[Round "4"]
[White "Lalic, Bogdan"]
[Black "Garcia Ilundain, David"]
[Result "1/2-1/2"]
[WhiteElo "2590"]
[BlackElo "2510"]
[PlyCount "33"]
[EventDate "1995.06.??"]
[Source "ChessBase"]

1. c4 e5 2. g3 Nf6 3. Bg2 Nc6 4. Nc3 Bb4 5. Nd5 O-O 6. Nxb4 Nxb4 7. a3 Nc6 8. d3 a5 9. Nf3 d6 10. h3 e4 11. dxe4 Nxe4 12. O-O a4 13. Be3 Re8 14. Kh2 h6 15. Nd4 Nxd4 16. Qxd4 Qe7 17. Qd5 1/2-1/2